First Lines of Broadway Songs - Statistics

General Stats
  • This quiz has been taken 1,210 times
    1,205 since last reset
  • The average score is 9 of 21
Answer Stats
First Line Song % Correct
"The Sun'll come out tomorrow" Tomorrow
96%
"Five hundred twenty-five thousand six hundred minutes" Seasons of Love
83%
"Something has changed within me, something is not the same" Defying Gravity
78%
"I've heard it said, that people come into our lives for a reason" For Good
69%
"Midnight, not a sound from the pavement" Memory
56%
"No more talk of darkness, forget these wide-eyed fears" All I Ask of You
55%
"There's a place for us, somewhere a place for us" Somewhere
52%
"In sleep he sang to me, in dreams he came" The Phantom of the Opera
49%
"I walk alone at night when everybody else is sleeping" On My Own
48%
"What good is sitting alone in your room? Come hear the music play" Cabaret
43%
"When the moon is in the Seventh House, And Jupiter aligns with Mars" Aquarius
41%
"Only you, you're the only thing I'll see forever" Tonight
37%
"Bed, bed, I couldn't go to bed" I Could Have Danced All Night
35%
"Kiss today goodbye, the sweetness and the sorrow" What I Did For Love
33%
"Is this the little girl I carried? Is this the little boy at play?" Sunrise, Sunset
31%
"It won't be easy, you'll think it strange, When I try to explain how I feel" Don't Cry For Me Argentina
30%
"Germany was having trouble, what a sad, sad story" Springtime for Hitler
30%
"When you see a guy reach for stars in the sky" Guys and Dolls
21%
"Happiness is finding a pencil" Happiness
21%
"Dere's an ol' man called de Mississippi" Ol' Man River
21%
"You have the cool, clear eyes of a seeker of wisdom and truth" I Believe In You
7%
No matching quizzes found
Score Distribution
Percent of People with Each Score
Percentile by Number Answered
Your Score History
You have not taken this quiz since the last reset